<?xml version="1.0" encoding="UTF-8"?>
<record
    xmlns:xsi="http://www.w3.org/2001/XMLSchema-instance"
    xsi:schemaLocation="http://www.loc.gov/MARC21/slim http://www.loc.gov/standards/marcxml/schema/MARC21slim.xsd"
    xmlns="http://www.loc.gov/MARC21/slim">

  <leader>00775nam a22001577a 4500</leader>
  <controlfield tag="003">OSt</controlfield>
  <controlfield tag="005">20160210091614.0</controlfield>
  <controlfield tag="008">160210b        xxu||||| |||| 00| 0 eng d</controlfield>
  <datafield tag="040" ind1=" " ind2=" ">
    <subfield code="c">RUA</subfield>
  </datafield>
  <datafield tag="082" ind1=" " ind2=" ">
    <subfield code="a">MGR SIE 2004 B378 Or.1</subfield>
  </datafield>
  <datafield tag="100" ind1=" " ind2=" ">
    <subfield code="9">7005</subfield>
    <subfield code="a">SIENG DARONG; &#x179F;&#x17C0;&#x1784; &#x178A;&#x17B6;&#x179A;&#x1784;&#x17D2;&#x1782;</subfield>
  </datafield>
  <datafield tag="245" ind1=" " ind2=" ">
    <subfield code="a">Study on forest management plan in cham kar preysne community forestry in chres commune chhnang province, &#x1780;&#x17B6;&#x179A;&#x179F;&#x17B7;&#x1780;&#x17D2;&#x179F;&#x17B6;&#x1796;&#x17B8;&#x1795;&#x17C2;&#x1793;&#x1780;&#x17B6;&#x179A;&#x1782;&#x17D2;&#x179A;&#x1794;&#x17CB;&#x1782;&#x17D2;&#x179A;&#x1784;&#x1796;&#x17D2;&#x179A;&#x17C3;&#x179F;&#x17A0;&#x1782;&#x1798;&#x1793;&#x17CD;&#x1785;&#x17C6;&#x1780;&#x17B6;&#x179A;&#x1796;&#x17D2;&#x179A;&#x17C3;&#x179F;&#x17D2;&#x1793;&#x17C1;&#x17A0;&#x17CD; &#x1783;&#x17BB;&#x17C6;&#x1785;&#x17D2;&#x179A;&#x17C1;&#x179F; &#x179F;&#x17D2;&#x179A;&#x17BB;&#x1780;&#x1780;&#x17C6;&#x1796;&#x1784;&#x17CB;&#x178F;&#x17D2;&#x179A;&#x17A1;&#x17B6;&#x1785; &#x1781;&#x17C1;&#x178F;&#x17D2;&#x178F;&#x1780;&#x17C6;&#x1796;&#x1784;&#x17CB;&#x1786;&#x17D2;&#x1793;&#x17C6;&#x17B6;&#x1784;</subfield>
  </datafield>
  <datafield tag="260" ind1=" " ind2=" ">
    <subfield code="a">Phnom Penh </subfield>
    <subfield code="b">RUA</subfield>
    <subfield code="c">2004</subfield>
  </datafield>
  <datafield tag="300" ind1=" " ind2=" ">
    <subfield code="a">x ;65p.</subfield>
    <subfield code="b">ill.</subfield>
    <subfield code="c">29cm.</subfield>
  </datafield>
  <datafield tag="942" ind1=" " ind2=" ">
    <subfield code="2">ddc</subfield>
    <subfield code="c">NRM</subfield>
  </datafield>
  <datafield tag="999" ind1=" " ind2=" ">
    <subfield code="c">6594</subfield>
    <subfield code="d">6594</subfield>
  </datafield>
  <datafield tag="952" ind1=" " ind2=" ">
    <subfield code="0">0</subfield>
    <subfield code="1">0</subfield>
    <subfield code="2">ddc</subfield>
    <subfield code="4">0</subfield>
    <subfield code="6">MGR_SIE_2004_000000000000000_B378_OR_1</subfield>
    <subfield code="7">0</subfield>
    <subfield code="9">37635</subfield>
    <subfield code="a">LBB</subfield>
    <subfield code="b">LBB</subfield>
    <subfield code="d">2016-02-10</subfield>
    <subfield code="o">MGR SIE 2004 B378 Or.1</subfield>
    <subfield code="p">RUA048024</subfield>
    <subfield code="r">2016-02-10</subfield>
    <subfield code="w">2016-02-10</subfield>
    <subfield code="y">NRM</subfield>
  </datafield>
  <datafield tag="952" ind1=" " ind2=" ">
    <subfield code="0">0</subfield>
    <subfield code="1">0</subfield>
    <subfield code="2">ddc</subfield>
    <subfield code="4">0</subfield>
    <subfield code="6">MGR_SIE_2004_000000000000000_B378_OR_2</subfield>
    <subfield code="7">0</subfield>
    <subfield code="9">37636</subfield>
    <subfield code="a">LBB</subfield>
    <subfield code="b">LBB</subfield>
    <subfield code="d">2016-02-10</subfield>
    <subfield code="o">MGR SIE 2004 B378 Or.2</subfield>
    <subfield code="p">RUA051087</subfield>
    <subfield code="r">2016-02-10</subfield>
    <subfield code="w">2016-02-10</subfield>
    <subfield code="y">NRM</subfield>
  </datafield>
  <datafield tag="952" ind1=" " ind2=" ">
    <subfield code="0">0</subfield>
    <subfield code="1">0</subfield>
    <subfield code="2">ddc</subfield>
    <subfield code="4">0</subfield>
    <subfield code="6">MGR_SIE_2004_000000000000000_B378_OR_3</subfield>
    <subfield code="7">0</subfield>
    <subfield code="9">37637</subfield>
    <subfield code="a">LBB</subfield>
    <subfield code="b">LBB</subfield>
    <subfield code="c">B378</subfield>
    <subfield code="d">2016-02-10</subfield>
    <subfield code="o">MGR SIE 2004 B378 Or.3</subfield>
    <subfield code="p">RUA049750</subfield>
    <subfield code="r">2016-02-10</subfield>
    <subfield code="w">2016-02-10</subfield>
    <subfield code="y">NRM</subfield>
  </datafield>
  <datafield tag="952" ind1=" " ind2=" ">
    <subfield code="0">0</subfield>
    <subfield code="1">0</subfield>
    <subfield code="2">ddc</subfield>
    <subfield code="4">0</subfield>
    <subfield code="6">MGR_SIE_2004_000000000000000_B378_OR_4</subfield>
    <subfield code="7">0</subfield>
    <subfield code="9">37638</subfield>
    <subfield code="a">LBB</subfield>
    <subfield code="b">LBB</subfield>
    <subfield code="c">B378</subfield>
    <subfield code="d">2016-02-10</subfield>
    <subfield code="o">MGR SIE 2004 B378 Or.4</subfield>
    <subfield code="p">RUA051960</subfield>
    <subfield code="r">2016-02-10</subfield>
    <subfield code="w">2016-02-10</subfield>
    <subfield code="y">NRM</subfield>
  </datafield>
  <datafield tag="952" ind1=" " ind2=" ">
    <subfield code="0">0</subfield>
    <subfield code="1">0</subfield>
    <subfield code="2">ddc</subfield>
    <subfield code="4">0</subfield>
    <subfield code="6">MGR_SIE_2004_000000000000000_B378_OR_5</subfield>
    <subfield code="7">0</subfield>
    <subfield code="9">37686</subfield>
    <subfield code="a">LBB</subfield>
    <subfield code="b">LBB</subfield>
    <subfield code="d">2016-02-10</subfield>
    <subfield code="o">MGR SIE 2004 B378 Or.5</subfield>
    <subfield code="p">RUA051641</subfield>
    <subfield code="r">2016-02-10</subfield>
    <subfield code="w">2016-02-10</subfield>
    <subfield code="y">NRM</subfield>
  </datafield>
  <datafield tag="952" ind1=" " ind2=" ">
    <subfield code="0">0</subfield>
    <subfield code="1">0</subfield>
    <subfield code="2">ddc</subfield>
    <subfield code="4">0</subfield>
    <subfield code="6">MGR_SIE_2004_000000000000000_B378_OR_6</subfield>
    <subfield code="7">0</subfield>
    <subfield code="9">37687</subfield>
    <subfield code="a">LBB</subfield>
    <subfield code="b">LBB</subfield>
    <subfield code="d">2016-02-10</subfield>
    <subfield code="o">MGR SIE 2004 B378 Or.6</subfield>
    <subfield code="p">RUA049477</subfield>
    <subfield code="r">2016-02-10</subfield>
    <subfield code="w">2016-02-10</subfield>
    <subfield code="y">NRM</subfield>
  </datafield>
  <datafield tag="952" ind1=" " ind2=" ">
    <subfield code="0">0</subfield>
    <subfield code="1">0</subfield>
    <subfield code="2">ddc</subfield>
    <subfield code="4">0</subfield>
    <subfield code="6">MGR_SIE_2004_000000000000000_B378_OR_7</subfield>
    <subfield code="7">0</subfield>
    <subfield code="9">37688</subfield>
    <subfield code="a">LBB</subfield>
    <subfield code="b">LBB</subfield>
    <subfield code="d">2016-02-10</subfield>
    <subfield code="o">MGR SIE 2004 B378 Or.7</subfield>
    <subfield code="p">RUA050648</subfield>
    <subfield code="r">2016-02-10</subfield>
    <subfield code="w">2016-02-10</subfield>
    <subfield code="y">NRM</subfield>
  </datafield>
</record>
